000 00671nam a22002057a 4500
003 UA-OsUOA
001 93663
007 ta
008 20130124b un ||||| |||| 00| 0 ukr d
100 _aМалік М.Й.
090 _a330(477)
_bМ19
942 _cSA
040 _aUA-OsUOA
_cUA-OsUOA
_dUA-OsUOA
245 _aСталий розвиток та безпека агропродовольчої сфери України в умовах глобалізаційних викликів
300 _aС.163-164
955 _a0
080 _a330(477)
773 0 _w93654
_tЕкономіка АПК
_dК.
_d2013
_g1
650 7 _a330 Економіка взагалі
_2UDC
999 _c379907
_d379907